00862nam a2200217 4500999001900000005001700019010001500036020002600051035001400077037001300091082001200104100001500116245006600131260004100197270015800238300002200396500005000418700002600468942002600494952012400520 c165324d16532420190613154010.0 aENG-125593 a9788182094307c350.00 aEN-109125 bDBAD/PUB a658.575 aAnandan, C aProduct management /cby C Anandan [and] M Prasanna Mohan Raj aChennaibVijay Nicole Imprintsc2016 aNo. 936, Second Floor, Jayadurga Complex, Bazar RoadbRam Nagar, (Opp. Reliance Fresh ), Chennaie600091mvni@vijaynicole.co.ink91-44-43869302, 42837178 a266p..c25cm(pbk) aIncludes bibliographical references and index aPrasanna, Mohan Raj M 2ddccENh658.575mANA 001040708NFICaZLSbZLSd2019-06-13eDBAD/PUBg350.00l0o658.575 ANApEN-109125r2019-06-13 00:00:00t1v350.00yEN